书目信息 |
| 题名: |
西方法律思想史
|
|
| 作者: | 何勤华 编著 | |
| 分册: | ||
| 出版信息: | 北京 科学出版社 2010 |
|
| 页数: | 253页 | |
| 开本: | 24cm | |
| 丛书名: | ||
| 单 册: | ||
| 中图分类: | D909.1 | |
| 科图分类: | ||
| 主题词: | 法律--思想史--西方国家--高等学校--教材 , 法律 | |
| 电子资源: | ||
| ISBN: | 978-7-03-025944-8 | |
| 000 | 01123nam0 2200289 450 | |
| 001 | 523 | |
| 005 | 20140905102308.45 | |
| 010 | @a978-7-03-025944-8@dCNY28.00 | |
| 100 | @a20100204d2010 em y0chiy50 ea | |
| 101 | 0 | @achi |
| 102 | @aCN@b110000 | |
| 105 | @ay z 000yy | |
| 106 | @ar | |
| 200 | 1 | @a西方法律思想史@AXi Fang Fa Lu^ Si Xiang Shi@f何勤华[等]编著@FHe Qin Hua [ Deng ] Bian Zhu |
| 210 | @a北京@c科学出版社@d2010 | |
| 215 | @a253页@d24cm | |
| 300 | @a国家级教学团队精品教材·法律史系列/何勤华总主编 | |
| 304 | @a编著者还有:周伟文、李桂林、朱晓喆 | |
| 312 | @a封面英文题名:History of western legal thoughts | |
| 330 | @a本书对从古希腊、古罗马到当代的西方法律思想进行了分析介绍。内容包括:古代希腊、古代罗马的法律思想、托马斯·阿奎那的法律思想、古典自然法学、哲理法学派的法律思想、历史法学派的法律思想、功利主义法学思想等。 | |
| 510 | 1 | @aHistory of western legal thoughts@zeng |
| 606 | 0 | @a法律@x思想史@y西方国家@x高等学校@j教材 |
| 606 | 0 | @a法律 |
| 690 | @aD909.1@v5 | |
| 701 | 0 | @a何勤华@AHe Qin Hua@f(1955~)@4编著 |
| 801 | 0 | @aCN@bTANGWEI@c20140603 |
| 905 | @b0839527-29@dD909.1@e513@f3 | |
| 西方法律思想史/何勤华[等]编著.-北京:科学出版社,2010 |
| 253页;24cm |
| 国家级教学团队精品教材·法律史系列/何勤华总主编 |
| ISBN 978-7-03-025944-8:CNY28.00 |
| 本书对从古希腊、古罗马到当代的西方法律思想进行了分析介绍。内容包括:古代希腊、古代罗马的法律思想、托马斯·阿奎那的法律思想、古典自然法学、哲理法学派的法律思想、历史法学派的法律思想、功利主义法学思想等。 |
| ● |
| 相关链接 |
|
|
|
|
正题名:西方法律思想史
索取号:D909.1/513
 
预约/预借
| 序号 | 登录号 | 条形码 | 馆藏地/架位号 | 状态 | 备注 |
| 1 | 0839527 | 208395271 | 第一样本阅览室/ [索取号:D909.1/513] | 在馆 | |
| 2 | 0839528 | 208395280 | 第一借阅区/ [索取号:D909.1/513] | 在馆 | |
| 3 | 0839529 | 208395299 | 密集书库-史法系/ [索取号:D909.1/513] | 在馆 |